| 000 | 00941nam a22001935i 4500 | ||
|---|---|---|---|
| 001 | 164077 | ||
| 003 | ES-MaACL | ||
| 005 | 20230906212852.0 | ||
| 008 | 991115s1875 sp a |||| | spa d | ||
| 040 |
_aCCPB | B _bspa _cCCPB | B |
||
| 100 | 1 |
_aRubau Donadeu, José. _9132142 |
|
| 245 | 1 | 4 |
_aLos incendios _b: guía práctica del fabricante para el empleo de los medios preservativos de los incendios de los establecimientos industriales ... / _carreglada a las necesidades de la industria española por José Rubau Donadeu. |
| 260 |
_aBarcelona : _bJosé Rubau Donadeu ; _aLa Habana : _bimprenta, librería, encuadernaciones, papeles La Propaganda Literaria, _c1875 ( _eMadrid : _fLitografía, Julio Rubau Donadeu) |
||
| 300 |
_a232, [2] p., [16] h. de grab. ; _c20 cm. |
||
| 510 | 4 |
_aPalau, _c2801211 |
|
| 599 | 1 | _aLas h. de grab. son lit. | |
| 650 | 0 | 4 |
_aIncendios- _xPrevención. _913647 |
| 852 |
_aES-MaACL _jG-12286 _z-- Enc. cartón |
||
| 999 |
_c164077 _d164077 |
||